[Event "Elit(Team Viking-Farsta)"]
[Site "?"]
[Date "2017.03.04"]
[Round "6"]
[White "Grandell, Anders"]
[Black "Namini, Armin"]
[Result "1/2-1/2"]
[WhiteElo "2258"]
[BlackElo "2110"]
[PlyCount "170"]

1. d4 Nf6 2. c4 g6 3. Nc3 Bg7 4. e4 d6 5. Be2 O-O 6. h4 c5 7. d5 e6 8. h5 exd5
9. exd5 Nbd7 10. hxg6 fxg6 11. Nf3 a6 12. Bg5 Qe8 13. Bh4 Ne5 14. O-O Nxf3+ 15.
Bxf3 b5 16. Re1 Qd7 17. Re6 bxc4 18. Qe2 Rb8 19. Bg3 Rb6 20. a4 Qb7 21. Bxd6
Rxb2 22. Qe1 Rf7 23. Bxc5 Nd7 24. Re8+ Nf8 25. Ne4 Bd7 26. Rxf8+ Rxf8 27. Bxf8
Kxf8 28. Rc1 Bd4 29. Rxc4 Qxd5 30. Rb4 Ra2 31. Nf6 Qd6 32. Nxd7+ Qxd7 33. Rb8+
Kf7 34. Rb7 Qxb7 35. Bxb7 Ra1 36. Qxa1 Bxa1 37. Bxa6 Bc3 38. Kf1 Ke6 39. Ke2
Kd5 40. Kf3 Ba5 41. Kg4 Ke5 42. Bd3 Bd2 43. Kf3 Kd4 44. Bb1 Ba5 45. g3 Kc3 46.
Be4 Kd4 47. Bc6 Ke5 48. Be8 Bb6 49. Ke2 Kf6 50. f4 h5 51. Kf3 Ba5 52. Bb5 Bb6
53. Bd3 Ba5 54. Kg2 Bb6 55. Kh3 Ba5 56. Kh4 Be1 57. Bc2 Bd2 58. Be4 Be1 59. Bd3
Bd2 60. Be2 Be1 61. Bd1 Bd2 62. Bf3 Be1 63. Be2 Bd2 64. Bb5 Be1 65. Kh3 Ba5 66.
Kg2 Bb6 67. Kf3 Ba5 68. Bd7 Be1 69. Bh3 Ba5 70. Bf1 Be1 71. Kg2 Ba5 72. Kh3 Bd2
73. Kh4 Be1 74. Bg2 Bd2 75. Bb7 Be1 76. Bf3 Bd2 77. Bxh5 gxh5 78. Kxh5 Kf5 79.
g4+ Kxf4 80. g5 Kf5 81. g6 Kf6 82. a5 Kg7 83. a6 Be3 84. a7 Bxa7 85. Kg4 Kxg6
1/2-1/2

[Event "Elit(Rockaden,Sthlm-Eksjo)"]
[Site "?"]
[Date "2017.03.04"]
[Round "6"]
[White "Grandelius, Nils"]
[Black "Nielsen, Peter Heine"]
[Result "1-0"]
[WhiteElo "2642"]
[BlackElo "2645"]
[PlyCount "61"]
[SourceDate "2017.03.14"]

1. c4 c5 2. Nf3 Nc6 3. d4 cxd4 4. Nxd4 Nf6 5. Nc3 g6 6. e4 d6 7. Nc2 Bg7 8. Be2
Nd7 9. Bd2 O-O 10. O-O Nc5 11. b4 Ne6 12. Rc1 a5 13. a3 axb4 14. axb4 Ned4 15.
Nxd4 Nxd4 16. Be3 Nxe2+ 17. Qxe2 Bxc3 18. Rxc3 f6 19. Rd1 Be6 20. c5 Qc8 21.
Rdc1 dxc5 22. Rxc5 Qd8 23. h3 Rc8 24. Rxc8 Bxc8 25. Bh6 Re8 26. Qc4+ Kh8 27.
Qf7 Rg8 28. e5 fxe5 29. Rxc8 Qxc8 30. Qxe7 Qf5 31. g4 1-0

[Event "Elit(Rockaden,Sthlm-Eksjo)"]
[Site "?"]
[Date "2017.03.04"]
[Round "6"]
[White "Hammer, Jon Ludvig"]
[Black "Carlsson, Pontus"]
[Result "1-0"]
[WhiteElo "2628"]
[BlackElo "2456"]
[PlyCount "97"]

1. d4 Nf6 2. c4 e6 3. Nf3 c5 4. e3 a6 5. g3 d5 6. cxd5 exd5 7. Bg2 Nc6 8. O-O
Bg4 9. h3 Bh5 10. Nc3 c4 11. g4 Bg6 12. Ne5 Bb4 13. Nxc6 bxc6 14. Qa4 Bxc3 15.
Qxc6+ Kf8 16. bxc3 Bd3 17. Ba3+ Kg8 18. Be7 Qe8 19. Qd6 Bxf1 20. Rxf1 Qb8 21.
Qc6 Qc8 22. Qxc8+ Rxc8 23. Bxf6 gxf6 24. Bxd5 Kg7 25. Rb1 Rb8 26. Rxb8 Rxb8 27.
Bxc4 Rb1+ 28. Kg2 a5 29. Bb3 Rc1 30. c4 a4 31. Bxa4 Rxc4 32. Bb3 Rc3 33. Kf3
Kf8 34. Ke4 Ke7 35. d5 Rc1 36. h4 Rf1 37. f4 h6 38. Kf5 Rg1 39. h5 Rg3 40. d6+
Kxd6 41. Kxf6 Rxe3 42. Bxf7 Rf3 43. f5 Rg3 44. Kg7 Rxg4+ 45. Bg6 Ra4 46. f6 Ra8
47. f7 Ke7 48. Be4 Rd8 49. Bc6 1-0

[Event "Elit(Rockaden,Sthlm-Eksjo)"]
[Site "?"]
[Date "2017.03.04"]
[Round "6"]
[White "Bejtovic, Jasmin"]
[Black "Blomqvist, Erik"]
[Result "0-1"]
[WhiteElo "2362"]
[BlackElo "2574"]
[PlyCount "136"]

1. e4 c5 2. d3 d5 3. Nd2 e6 4. Ngf3 Nf6 5. g3 g6 6. Bg2 Bg7 7. O-O O-O 8. Re1
Nc6 9. c3 a5 10. e5 Ng4 11. d4 cxd4 12. cxd4 f6 13. h3 Nxf2 14. Kxf2 fxe5 15.
dxe5 Qb6+ 16. Kf1 Nxe5 17. Qb3 Qxb3 18. axb3 Nd3 19. Re3 Nb4 20. Re2 e5 21. Kg1
e4 22. Nxe4 dxe4 23. Ng5 Bd7 24. Nxe4 Bb5 25. Rd2 Bc6 26. Re2 Bb5 27. Rd2 Bc6
28. Re2 Rad8 29. Bg5 Rd3 30. Rxa5 Rxb3 31. Nc3 Bxg2 32. Kxg2 Nd3 33. Rb5 Rxb5
34. Nxb5 Nxb2 35. Re7 h6 36. Bf4 g5 37. Rxg7+ Kxg7 38. Be5+ Kg6 39. Bxb2 Ra8
40. Kf3 Ra2 41. Bc3 h5 42. h4 gxh4 43. gxh4 Ra4 44. Be1 Ra1 45. Bd2 Rb1 46. Nc3
Rh1 47. Kg3 Kf5 48. Nd5 b5 49. Bb4 Rb1 50. Bf8 Rb3+ 51. Kg2 Kg4 52. Be7 Rb2+
53. Kf1 Kf3 54. Kg1 Rg2+ 55. Kh1 Re2 56. Bb4 Re4 57. Ba5 Rxh4+ 58. Kg1 Rd4 59.
Nb4 Rd2 60. Bc7 Ke4 61. Kf1 h4 62. Kg1 Rb2 63. Bd6 Rd2 64. Be7 h3 65. Bc5 Kf3
66. Bb6 h2+ 67. Kh1 Kg3 68. Bc7+ Kh3 0-1

[Event "Elit(Rockaden,Sthlm-Eksjo)"]
[Site "?"]
[Date "2017.03.04"]
[Round "6"]
[White "Bator, Robert"]
[Black "Gdanski, Jacek"]
[Result "1/2-1/2"]
[WhiteElo "2401"]
[BlackElo "2484"]
[PlyCount "26"]

1. d4 g6 2. g3 Bg7 3. Bg2 c5 4. d5 d6 5. Nf3 b5 6. O-O Nd7 7. e4 Ngf6 8. Re1
O-O 9. h3 Nb6 10. Nbd2 a5 11. Nf1 a4 12. a3 Re8 13. g4 e6 1/2-1/2

[Event "Elit(Rockaden,Sthlm-Eksjo)"]
[Site "?"]
[Date "2017.03.04"]
[Round "6"]
[White "Malesevic, Nedeljko"]
[Black "Engqvist, Thomas"]
[Result "0-1"]
[WhiteElo "2259"]
[BlackElo "2344"]
[PlyCount "188"]

1. d4 Nf6 2. c4 e6 3. Nf3 b6 4. g3 Bb7 5. Bg2 Be7 6. O-O O-O 7. Nc3 Ne4 8. Qc2
Nxc3 9. Qxc3 c5 10. Rd1 d6 11. Qc2 Nc6 12. d5 exd5 13. cxd5 Nb4 14. Qd2 Bf6 15.
a3 Na6 16. Ng5 Re8 17. Ne4 c4 18. Qc2 Rc8 19. Bf4 Be5 20. Bg5 f6 21. Be3 Nc5
22. Nxc5 bxc5 23. Bh3 Rb8 24. Be6+ Kh8 25. Rab1 Ba6 26. f4 Rb3 27. Bxc5 Bxf4
28. gxf4 dxc5 29. Qe4 Qd6 30. Rf1 Reb8 31. Rf3 g6 32. Rxb3 Rxb3 33. e3 Kg7 34.
Kf2 Qb6 35. Kg3 c3 36. d6 Rxb2 37. Rd1 c2 38. Bg4 Qd8 39. Rc1 Qxd6 40. Qa4 h5
41. Bf3 h4+ 42. Kxh4 Qd2 43. Kg3 Bc4 44. Qxc4 Qxc1 45. Qe4 Qg1+ 46. Kh3 Qxh2+
47. Kxh2 c1=Q+ 48. Bg2 Rxg2+ 49. Kxg2 Qd2+ 50. Kf3 Qd1+ 51. Kf2 Qd7 52. Kf3
Qd1+ 53. Kf2 Qd7 54. Qc4 Qd2+ 55. Kf3 Qd6 56. Ke2 a6 57. Kf2 Qc6 58. Kg3 Kf8
59. Kf2 Kg7 60. Kg3 Qc8 61. Kf3 Kf8 62. Kg3 Qc6 63. Kf2 Ke7 64. a4 f5 65. Kg3
Kd8 66. Qf7 c4 67. Qf8+ Kd7 68. Qg7+ Kc8 69. Qf8+ Kb7 70. Qe7+ Kb6 71. Qb4+ Ka7
72. Qe7+ Kb8 73. Qb4+ Ka8 74. Qf8+ Kb7 75. Qb4+ Qb6 76. Qe7+ Qc7 77. Qb4+ Ka7
78. Qc3 a5 79. Kf2 Ka6 80. Qf6+ Qb6 81. Qc3 Qc6 82. Kg3 Qxa4 83. Qf6+ Kb5 84.
Qxg6 Qc2 85. Qe8+ Kb4 86. Qb8+ Ka3 87. Qd6+ Ka2 88. Qd5 a4 89. Kh4 a3 90. Kg5
Qd3 91. Qb5 Qb3 92. Qxf5 c3 93. Qd3 c2 94. Qd2 Qb2 0-1

[Event "Elit(Rockaden,Sthlm-Eksjo)"]
[Site "?"]
[Date "2017.03.04"]
[Round "6"]
[White "Tuomainen, Felix"]
[Black "Vernersson, Per"]
[Result "1/2-1/2"]
[WhiteElo "2260"]
[BlackElo "2293"]
[PlyCount "55"]

1. d4 d5 2. c4 e6 3. Nc3 Nf6 4. cxd5 exd5 5. Bg5 c6 6. Qc2 Be7 7. e3 Nbd7 8.
Bd3 Nf8 9. Nge2 Ng6 10. O-O Ng4 11. Bxe7 Qxe7 12. Rae1 O-O 13. Ng3 Nf6 14. e4
dxe4 15. Ngxe4 Qd8 16. Nxf6+ Qxf6 17. d5 cxd5 18. Nxd5 Qd6 19. Bxg6 fxg6 20.
Ne7+ Kh8 21. Nxc8 Raxc8 22. Qb3 Rc7 23. Re3 Re7 24. Rfe1 Rfe8 25. Rxe7 Rxe7 26.
Rxe7 Qxe7 27. g3 Qe4 28. h4 1/2-1/2

[Event "Elit(Rockaden,Sthlm-Eksjo)"]
[Site "?"]
[Date "2017.03.04"]
[Round "6"]
[White "Ornstein, Axel"]
[Black "Hedman, Erik"]
[Result "1/2-1/2"]
[WhiteElo "2344"]
[BlackElo "2363"]
[PlyCount "107"]

1. Nf3 c5 2. c4 Nc6 3. Nc3 g6 4. e3 Nf6 5. d4 cxd4 6. exd4 d5 7. cxd5 Nxd5 8.
Qb3 e6 9. Bg5 f6 10. Bd2 Bg7 11. Bb5 O-O 12. O-O Rf7 13. Rfe1 g5 14. Nxd5 exd5
15. h3 Bf5 16. Rac1 Rc8 17. Bd3 Qd7 18. Rc5 Rd8 19. Bxf5 Qxf5 20. Qc2 Qxc2 21.
Rxc2 h6 22. Bc3 Re7 23. Rxe7 Nxe7 24. Ba5 Rd7 25. g4 Nc6 26. Bd2 f5 27. gxf5
Nxd4 28. Nxd4 Bxd4 29. Be3 Bxe3 30. fxe3 Kg7 31. Rc8 Kf6 32. Rh8 Kxf5 33. Rxh6
Rc7 34. Kf2 Rc2+ 35. Kf3 Rxb2 36. Rd6 Rxa2 37. Rxd5+ Kf6 38. Rd6+ Ke5 39. Rg6
Kf5 40. Rd6 Ra5 41. e4+ Ke5 42. Rd7 Rb5 43. Rf7 Rb3+ 44. Kg4 Kxe4 45. Kxg5 a5
46. Rf4+ Ke3 47. h4 b5 48. h5 Rb1 49. h6 Rg1+ 50. Rg4 Rh1 51. Rh4 Rg1+ 52. Rg4
Rh1 53. Rh4 Rg1+ 54. Rg4 1/2-1/2

[Event "Elit(Rockaden,Sthlm-Eksjo)"]
[Site "?"]
[Date "2017.03.04"]
[Round "6"]
[White "Kenneskog, Theodor"]
[Black "Akvist, Hakan"]
[Result "1-0"]
[WhiteElo "2323"]
[BlackElo "2079"]
[PlyCount "143"]

1. d4 Nf6 2. c4 e6 3. Nf3 Bb4+ 4. Nbd2 O-O 5. a3 Bxd2+ 6. Qxd2 b6 7. e3 Bb7 8.
Be2 d6 9. O-O Nbd7 10. b4 Qe7 11. Bb2 Ne4 12. Qc2 f5 13. Rad1 Rae8 14. d5 e5
15. Nd2 Nxd2 16. Rxd2 e4 17. Rdd1 Ne5 18. Kh1 Bc8 19. Rd4 Rf6 20. f4 exf3 21.
gxf3 Nf7 22. Rg1 Rg6 23. Rxg6 hxg6 24. Qc3 Ne5 25. f4 Nd7 26. Rd3 Nf6 27. Bf3
Rf8 28. Rd1 Ne4 29. Qc2 Bd7 30. Qg2 g5 31. Bxe4 Qxe4 32. Qxe4 fxe4 33. Rg1 Rf5
34. Rxg5 Rxg5 35. fxg5 Kf7 36. Kg2 Ba4 37. Kg3 Bb3 38. Kf4 Bxc4 39. Kxe4 Bf1
40. Kf4 Bb5 41. h4 g6 42. Bf6 c6 43. Ke4 Ba4 44. Kd4 c5+ 45. Kc4 Bd7 46. e4 b5+
47. Kd3 c4+ 48. Ke3 Bg4 49. Bd4 a6 50. Bc3 Ke7 51. Kd4 Kd7 52. Be1 Bf3 53. Bd2
Bg4 54. Bf4 Be2 55. e5 dxe5+ 56. Bxe5 Bg4 57. Kc5 Bf3 58. Bc3 Kc7 59. Bd2 Bg4
60. Bf4+ Kd7 61. Kb6 Bf3 62. Kxa6 Bxd5 63. Kxb5 c3 64. a4 Kc8 65. Kb6 c2 66. a5
Be4 67. a6 c1=Q 68. Bxc1 Kb8 69. Bf4+ Ka8 70. b5 Bf5 71. Ka5 Bd3 72. Be3 1-0

[Event "Elit(LASK-Limhamn)"]
[Site "?"]
[Date "2017.03.04"]
[Round "6"]
[White "Lindgren, Philip"]
[Black "Kulaots, Kaido"]
[Result "1/2-1/2"]
[WhiteElo "2421"]
[BlackElo "2579"]
[PlyCount "157"]
[SourceDate "2017.03.15"]

1. d4 Nf6 2. c4 e6 3. Nf3 Bb4+ 4. Nbd2 O-O 5. a3 Be7 6. e4 d6 7. Be2 c5 8. d5
e5 9. Qc2 Nh5 10. Nb1 Nf4 11. Bxf4 exf4 12. e5 dxe5 13. Nxe5 Bf6 14. Nf3 Re8
15. O-O Bg4 16. Nc3 Nd7 17. Rfe1 Qb6 18. Rab1 Bh5 19. Ne4 Bxf3 20. Nxf6+ Qxf6
21. Bxf3 Re5 22. b4 g6 23. Red1 Qd6 24. h3 h5 25. Qc3 Rae8 26. bxc5 Nxc5 27.
Rd4 Rf5 28. Qa5 Ra8 29. Qb5 Rc8 30. Re1 Re5 31. Rxe5 Qxe5 32. Rd1 Qd6 33. Re1
Kg7 34. Qa5 Ra8 35. Rb1 b6 36. Qb5 Rc8 37. a4 Nd7 38. a5 Rc5 39. Qb2+ Qf6 40.
axb6 axb6 41. Qxf6+ Kxf6 42. Rb4 Ke5 43. Bd1 Ra5 44. Ba4 Nc5 45. d6 Ke6 46. d7
Ke7 47. Bc6 Ra6 48. Rb1 Kd8 49. h4 Nxd7 50. Bb5 Ra3 51. Bxd7 Kxd7 52. Rxb6 Ke7
53. Rb7+ Ke6 54. Rb6+ Ke5 55. Rb7 f6 56. Rb5+ Ke6 57. Rb6+ Kf5 58. f3 Ra1+ 59.
Kh2 Re1 60. Rb8 Re5 61. Rc8 g5 62. hxg5 fxg5 63. c5 g4 64. fxg4+ hxg4 65. Rf8+
Ke4 66. c6 Rc5 67. Re8+ Kd3 68. Re6 Rc1 69. Rg6 g3+ 70. Kh3 Ke3 71. Kg4 Kf2 72.
Kxf4 Rc4+ 73. Ke5 Kxg2 74. Kd6 Kf2 75. c7 g2 76. Kd7 g1=Q 77. Rxg1 Kxg1 78.
c8=Q Rxc8 79. Kxc8 1/2-1/2

[Event "Elit(LASK-Limhamn)"]
[Site "?"]
[Date "2017.03.04"]
[Round "6"]
[White "Tikkanen, Hans"]
[Black "Brynell, Stellan"]
[Result "1-0"]
[WhiteElo "2518"]
[BlackElo "2441"]
[PlyCount "155"]

1. e4 e6 2. d4 d5 3. Nc3 Bb4 4. e5 Ne7 5. a3 Bxc3+ 6. bxc3 b6 7. Qg4 Ng6 8. h4
h5 9. Qd1 Qd7 10. Be2 Ba6 11. Bxh5 Qb5 12. Be2 Qa5 13. Bd2 Nxh4 14. Rh2 Qa4 15.
Bxa6 Nxa6 16. Qg4 Ng6 17. Rxh8+ Nxh8 18. Qxg7 O-O-O 19. Qh7 Kb7 20. f3 Nb8 21.
Ne2 Nc6 22. Kf2 Na5 23. Bg5 Rc8 24. Bf6 Ng6 25. Qxf7 Qxc2 26. Rc1 Qd3 27. Re1
Nc4 28. Bg5 Nf8 29. Bh6 a5 30. Nf4 Qc2+ 31. Re2 Qxc3 32. Bxf8 Qxd4+ 33. Kg3
Nxe5 34. Qg7 Nc6 35. Nxe6 Qc4 36. Rd2 d4 37. Nxd4 Rd8 38. Nxc6 Rxd2 39. Ne5 Qe2
40. Kh2 Rd5 41. f4 Rd4 42. Qf6 Qe4 43. Bh6 Rd6 44. Qh4 b5 45. Bg5 b4 46. axb4
axb4 47. Qh3 Rd2 48. Qf3 Qxf3 49. Nxf3 Rd6 50. f5 b3 51. f6 b2 52. f7 b1=Q 53.
f8=Q Qe4 54. Qf7 Rc6 55. Bf4 Rc2 56. Be5 Rc6 57. Qf4 Qh7+ 58. Kg3 Qd3 59. Qb4+
Kc8 60. Qd4 Qf5 61. Bf4 Rg6+ 62. Kf2 Rc6 63. Qe5 Qc2+ 64. Kg3 Qd3 65. Kh4 Kb7
66. Nd4 Qh7+ 67. Kg4 Qd7+ 68. Kf3 Rc3+ 69. Kf2 Rc4 70. Ne6 Rc2+ 71. Kg1 Qd1+
72. Kh2 Rc6 73. Nxc7 Qg4 74. Nd5 Re6 75. Qc7+ Ka6 76. Qc8+ Ka5 77. Qc5+ Ka6 78.
Nb4+ 1-0

[Event "Elit(LASK-Limhamn)"]
[Site "?"]
[Date "2017.03.04"]
[Round "6"]
[White "Johansson, Linus"]
[Black "Cuenca Jimenez, Jose"]
[Result "1/2-1/2"]
[WhiteElo "2408"]
[BlackElo "2492"]
[PlyCount "124"]

1. Nf3 Nf6 2. d4 g6 3. c4 Bg7 4. g3 O-O 5. Bg2 d6 6. O-O Nbd7 7. Nc3 e5 8. h3
exd4 9. Nxd4 Nb6 10. Qd3 Nfd7 11. b3 Nc5 12. Qd2 a5 13. Bb2 a4 14. Nd5 c6 15.
Nxb6 Qxb6 16. Rab1 axb3 17. axb3 Ra2 18. Qd1 Na4 19. bxa4 Rxb2 20. Rxb2 Qxb2
21. e3 Qc3 22. Qc1 Bxd4 23. exd4 Qxd4 24. Rd1 Qc5 25. Qf4 Be6 26. Qxd6 Qxd6 27.
Rxd6 Ra8 28. c5 Rxa4 29. Rd8+ Kg7 30. Rb8 Ra7 31. g4 g5 32. Be4 h6 33. f3 Kf6
34. Kf2 Ke5 35. Kg3 Kd4 36. h4 gxh4+ 37. Kxh4 Kxc5 38. Kh5 b5 39. Kxh6 b4 40.
Bxc6 Kxc6 41. Rxb4 Kd6 42. Kg7 Ke7 43. g5 Ra3 44. f4 Rg3 45. Kh6 Rg4 46. Rb7+
Ke8 47. Rb4 Kd7 48. Ra4 Kc6 49. Kg7 Kb5 50. Re4 Kc5 51. Ra4 Kd5 52. Ra5+ Kd4
53. Ra4+ Bc4 54. Rxc4+ Kxc4 55. Kxf7 Rxf4+ 56. Ke6 Re4+ 57. Kf6 Kd5 58. g6 Kd6
59. g7 Rg4 60. Kf7 Rf4+ 61. Ke8 Re4+ 62. Kf7 Rf4+ 1/2-1/2

[Event "Elit(LASK-Limhamn)"]
[Site "?"]
[Date "2017.03.04"]
[Round "6"]
[White "Semcesen, Daniel"]
[Black "Jepson, Christian"]
[Result "1/2-1/2"]
[WhiteElo "2470"]
[BlackElo "2427"]
[PlyCount "50"]

1. d4 d5 2. c4 e6 3. Nc3 Nf6 4. cxd5 exd5 5. Bg5 Be7 6. e3 c6 7. Qc2 Nbd7 8.
Bd3 Nh5 9. Bxe7 Qxe7 10. O-O-O Nb6 11. h3 g6 12. Nf3 Be6 13. Kb1 Ng7 14. g4
O-O-O 15. Rc1 Kb8 16. Na4 Nxa4 17. Qxa4 Ne8 18. Rc3 Nd6 19. Ra3 Nc8 20. Rc1 Rd6
21. Qb4 Rd7 22. Qa5 Rd6 23. Qb4 Rd7 24. Qa4 Rd6 25. Qb4 Rd7 1/2-1/2

[Event "Elit(LASK-Limhamn)"]
[Site "?"]
[Date "2017.03.04"]
[Round "6"]
[White "Schneider, Stefan"]
[Black "Smith, Axel"]
[Result "1/2-1/2"]
[WhiteElo "2345"]
[BlackElo "2511"]
[PlyCount "130"]

1. d4 Nf6 2. c4 e6 3. Nf3 c5 4. d5 b5 5. Bg5 exd5 6. cxd5 d6 7. e4 a6 8. Nbd2
Be7 9. a4 Nxd5 10. Bxe7 Qxe7 11. axb5 O-O 12. Bc4 Nb4 13. O-O Bb7 14. Re1 axb5
15. Rxa8 Bxa8 16. Bxb5 N8c6 17. Bf1 Ne5 18. Nxe5 dxe5 19. Nb3 Rc8 20. Qg4 Rc7
21. Rc1 Bb7 22. Qf3 Ba6 23. Bxa6 Nxa6 24. Qd3 Rc6 25. h3 g6 26. Qb5 Qc7 27. Na5
Rb6 28. Qe8+ Kg7 29. Nc4 Re6 30. Qb5 Nb8 31. Ne3 Rb6 32. Qe2 Qb7 33. Nc4 Re6
34. Qe3 Qb4 35. Qd3 Nc6 36. Kh2 Nd4 37. Ra1 Re7 38. f3 f6 39. Kh1 Rb7 40. Kh2
h5 41. Rc1 h4 42. Rc3 Ra7 43. Rc1 Qb5 44. Qf1 Rd7 45. Rc3 Ne6 46. Qf2 g5 47.
Ne3 Kg6 48. Rc2 Ra7 49. Rc1 Nd4 50. Nc4 Ra4 51. Qf1 Rb4 52. Rc3 Rxb2 53. Qa1
Rf2 54. Qa8 Nxf3+ 55. Rxf3 Rxf3 56. Qg8+ Kh6 57. Nd6 Rxh3+ 58. Kxh3 Qd3+ 59.
Kh2 Qxd6 60. Qh8+ Kg6 61. Qg8+ Kh6 62. Qh8+ Kg6 63. Qg8+ Kh6 64. Qh8+ Kg6 65.
Qg8+ Kh6 1/2-1/2

[Event "Elit(LASK-Limhamn)"]
[Site "?"]
[Date "2017.03.04"]
[Round "6"]
[White "Dragicevic, Drazen"]
[Black "Penalver, Osmani"]
[Result "1/2-1/2"]
[WhiteElo "2297"]
[BlackElo "2245"]
[PlyCount "84"]

1. Nf3 Nf6 2. c4 e6 3. b3 b6 4. g3 Bb7 5. Bg2 Be7 6. O-O O-O 7. Qc2 c5 8. Bb2
Nc6 9. a3 d5 10. cxd5 exd5 11. d4 cxd4 12. Nxd4 Nxd4 13. Bxd4 Ne4 14. Nd2 Rc8
15. Qb2 Bf6 16. Rfc1 Bxd4 17. Qxd4 Qe7 18. b4 Rfe8 19. Rxc8 Rxc8 20. Nxe4 dxe4
21. Rd1 h6 22. h4 Bc6 23. Bh3 Re8 24. Qd6 Ba4 25. Qxe7 Rxe7 26. Rd8+ Kh7 27. e3
g6 28. Rd4 Rc7 29. g4 Rc1+ 30. Kh2 Bc6 31. Rd8 Bb5 32. Ra8 Rc7 33. Bg2 Bc6 34.
Rd8 Kg7 35. Kg3 g5 36. Rd4 Re7 37. Rd6 Bb7 38. Bf1 Bc8 39. Rd8 Bd7 40. Bc4 Ba4
41. Rd4 Bc6 42. Bb3 Rd7 1/2-1/2

[Event "Elit(LASK-Limhamn)"]
[Site "?"]
[Date "2017.03.04"]
[Round "6"]
[White "Tadjerbashi, Amir"]
[Black "Mauritsson, Sebastian"]
[Result "1/2-1/2"]
[WhiteElo "2206"]
[BlackElo "2317"]
[PlyCount "48"]

1. e4 c5 2. Nf3 d6 3. d4 cxd4 4. Nxd4 Nf6 5. Nc3 a6 6. g3 e5 7. Nde2 Be7 8. Bg2
O-O 9. O-O Nbd7 10. a4 b6 11. h3 Bb7 12. g4 b5 13. Ng3 b4 14. Nb1 Nc5 15. Re1
Ne8 16. b3 Bg5 17. Bxg5 Qxg5 18. Qd2 Qxd2 19. Nxd2 f6 20. Nc4 Kf7 21. Na5 Rd8
22. Bf1 Ba8 23. Rad1 g6 24. f3 Nc7 1/2-1/2

[Event "Elit(LASK-Limhamn)"]
[Site "?"]
[Date "2017.03.04"]
[Round "6"]
[White "Kucuksari, Kaan"]
[Black "Eklund, Joel"]
[Result "0-1"]
[WhiteElo "2321"]
[BlackElo "2215"]
[PlyCount "90"]

1. d4 Nf6 2. Nf3 c5 3. d5 e6 4. c4 d6 5. Nc3 exd5 6. cxd5 g6 7. Bf4 a6 8. a4
Bg7 9. h3 O-O 10. e3 Qe7 11. Be2 Nbd7 12. O-O Ne8 13. Nd2 Rb8 14. Nc4 Ne5 15.
Nb6 Nd7 16. Qb3 Nxb6 17. Qxb6 f5 18. Bxa6 g5 19. Bh2 f4 20. Qa7 Nc7 21. Qxb8
Nxa6 22. Qa7 f3 23. g4 h5 24. Qb6 Rf6 25. Qb5 hxg4 26. Qc4 Rh6 27. Qe4 Qf7 28.
hxg4 Rh4 29. Bg3 Rxg4 30. Qd3 Nb4 31. Qd1 Be5 32. Rc1 Bxg3 33. fxg3 Rxg3+ 34.
Kf2 Rg2+ 35. Ke1 Bg4 36. Qb3 Nd3+ 37. Kd1 Nxb2+ 38. Ke1 Nd3+ 39. Kd1 Nb2+ 40.
Ke1 Nd3+ 41. Kd1 f2+ 42. Kd2 Nxc1 43. Kxc1 Rg1 44. Qb5 Rxf1+ 45. Qxf1 Bh3 0-1

[Event "Elit(Manhem-Malmo)"]
[Site "?"]
[Date "2017.03.04"]
[Round "6"]
[White "Meier, Georg"]
[Black "Akesson, Joel"]
[Result "1-0"]
[WhiteElo "2630"]
[BlackElo "2312"]
[PlyCount "93"]

1. Nf3 Nf6 2. g3 b6 3. Bg2 Bb7 4. O-O e6 5. c4 Be7 6. Nc3 O-O 7. d4 Ne4 8. Bd2
Bf6 9. Be1 c5 10. Qc2 Nxc3 11. Bxc3 Nc6 12. dxc5 bxc5 13. Rfd1 Bxc3 14. Qxc3
Qe7 15. Rd3 Rfd8 16. Rad1 Nb4 17. R3d2 d6 18. a3 Nc6 19. b4 cxb4 20. axb4 a5
21. b5 Nb4 22. Ne1 Bxg2 23. Nxg2 Rac8 24. Ne3 d5 25. Qa3 Qc5 26. Qa1 Re8 27.
cxd5 exd5 28. Nf5 f6 29. Qa3 Re5 30. Nd4 Qb6 31. Ra1 Ra8 32. Qa4 Re4 33. e3 h5
34. h4 g6 35. Kg2 Kh7 36. Rdd1 Re7 37. Rdc1 Rc7 38. Rxc7+ Qxc7 39. Qa3 Qe5 40.
Rc1 Qe4+ 41. Kg1 g5 42. hxg5 fxg5 43. b6 h4 44. Qc3 hxg3 45. Qc7+ Kg6 46. Qxg3
Rh8 47. Qd6+ 1-0

[Event "Elit(Manhem-Malmo)"]
[Site "?"]
[Date "2017.03.04"]
[Round "6"]
[White "Winsnes, Rikard"]
[Black "Schandorff, Lars"]
[Result "1-0"]
[WhiteElo "2395"]
[BlackElo "2505"]
[PlyCount "105"]

1. e4 e5 2. Nf3 Nc6 3. Bb5 a6 4. Ba4 Nf6 5. O-O Be7 6. Re1 b5 7. Bb3 d6 8. c3
O-O 9. h3 Nb8 10. d4 Nbd7 11. Nbd2 c5 12. Nf1 Bb7 13. Ng3 Re8 14. d5 c4 15. Bc2
Qc7 16. Nf5 Bf8 17. g4 Nc5 18. Nh2 Kh8 19. g5 Ng8 20. Ng4 g6 21. Ng3 Bc8 22.
Kg2 Bg7 23. Rh1 Qd7 24. Ne3 f6 25. h4 Ne7 26. Kg1 Kg8 27. gxf6 Bxf6 28. h5 Rf8
29. b4 cxb3 30. axb3 Bg7 31. b4 Nb7 32. Bd3 Nd8 33. c4 bxc4 34. Nxc4 Rb8 35.
Be3 Rxb4 36. Nb6 Qc7 37. Nxc8 Qxc8 38. Bxa6 Qd7 39. Be2 Rb7 40. Bg4 Qb5 41. Kg2
Bf6 42. Ra8 Rb8 43. Ra7 Rb7 44. Ra8 g5 45. Nf5 Nxf5 46. Bxf5 h6 47. Qg4 Be7 48.
Bg6 Qd7 49. Bf5 Qb5 50. Rc1 Nf7 51. Rcc8 Kg7 52. Rxf8 Bxf8 53. Be6 1-0

[Event "Elit(Manhem-Malmo)"]
[Site "?"]
[Date "2017.03.04"]
[Round "6"]
[White "Gajic, Mladen"]
[Black "Hultin, Johan"]
[Result "1/2-1/2"]
[WhiteElo "2364"]
[BlackElo "2288"]
[PlyCount "41"]

1. d4 Nf6 2. Bg5 d5 3. Bxf6 gxf6 4. c4 c5 5. cxd5 Qxd5 6. Nf3 cxd4 7. Nc3 Qa5
8. Nxd4 e6 9. Rc1 Bg7 10. g3 O-O 11. Bg2 Nc6 12. Nxc6 bxc6 13. O-O Rb8 14. Qc2
c5 15. Qa4 Qa6 16. Rc2 f5 17. Qxa6 Bxa6 18. Na4 Rfc8 19. Nxc5 Bxe2 20. Rxe2
Rxc5 21. b3 1/2-1/2

[Event "Elit(Manhem-Malmo)"]
[Site "?"]
[Date "2017.03.04"]
[Round "6"]
[White "Al Hadarani, Hatim"]
[Black "Agrest, Inna"]
[Result "1/2-1/2"]
[WhiteElo "2291"]
[BlackElo "2273"]
[PlyCount "41"]

1. d4 Nf6 2. Bg5 c5 3. d5 Qb6 4. Nc3 d6 5. Qd2 Nbd7 6. e4 h6 7. Be3 g6 8. f3
Bg7 9. Nge2 a6 10. a4 Qa5 11. Ra3 h5 12. Nc1 h4 13. Be2 Ne5 14. O-O Nh5 15. Qd1
f5 16. exf5 gxf5 17. Nb3 Qc7 18. f4 Ng4 19. Bxg4 fxg4 20. Ne4 Bf5 21. Ng5
1/2-1/2

[Event "Elit(Manhem-Malmo)"]
[Site "?"]
[Date "2017.03.04"]
[Round "6"]
[White "Hillarp Persson, Tiger"]
[Black "Fendrich, David"]
[Result "1-0"]
[WhiteElo "2505"]
[BlackElo "2256"]
[PlyCount "49"]

1. c4 c5 2. g3 Nf6 3. Bg2 d5 4. cxd5 Nxd5 5. Nc3 Nc7 6. Nf3 Nc6 7. d3 e5 8. O-O
Be7 9. Nd2 Bd7 10. Nc4 O-O 11. a4 Rc8 12. Bd2 b6 13. Kh1 Re8 14. f4 Bf8 15. f5
Nd4 16. g4 Bc6 17. Ne4 Ba8 18. g5 Nd5 19. e3 Nc6 20. Qh5 f6 21. Ned6 Bxd6 22.
Bxd5+ Kh8 23. Rf3 fxg5 24. Qxh7+ Kxh7 25. Rh3# 1-0

[Event "Elit(Manhem-Malmo)"]
[Site "?"]
[Date "2017.03.04"]
[Round "6"]
[White "Moberg, Karl Johan"]
[Black "Johansson, Thomas"]
[Result "1/2-1/2"]
[WhiteElo "2280"]
[BlackElo "2162"]
[PlyCount "96"]

1. d4 d6 2. c4 Nf6 3. Nc3 Nbd7 4. e4 e5 5. Nf3 c6 6. Be2 Be7 7. O-O O-O 8. Qc2
Re8 9. d5 a5 10. Be3 c5 11. Nd2 Nf8 12. a3 Ng6 13. b4 b6 14. bxc5 bxc5 15. f3
Nh5 16. g3 Bg5 17. Bf2 Bh6 18. f4 Nhxf4 19. gxf4 Nxf4 20. Bg3 Qg5 21. Nf3 Qh5
22. Nh4 Nxe2+ 23. Qxe2 Bg4 24. Qf2 Rf8 25. Nf5 Bg5 26. Nxd6 Ra6 27. Nf5 g6 28.
Ne3 Bh3 29. Qf3 Bxf1 30. Rxf1 Qh3 31. Ng2 Rf6 32. Qxf6 Bxf6 33. Rxf6 Qh6 34. d6
Qc1+ 35. Be1 Rd8 36. Nd5 Kg7 37. h3 Qxc4 38. Bxa5 Qd4+ 39. Kh2 Rd7 40. Bc7 Qxe4
41. Nb6 Qc6 42. Nxd7 Qxd7 43. Rf2 f5 44. Ne3 Qa4 45. Nc4 Qxc4 46. d7 Qd4 47.
d8=Q Qxf2+ 48. Kh1 Qf1+ 1/2-1/2

[Event "Elit(Manhem-Malmo)"]
[Site "?"]
[Date "2017.03.04"]
[Round "6"]
[White "Lindahl, Jonas"]
[Black "Clevers, Egbert"]
[Result "0-1"]
[WhiteElo "2105"]
[BlackElo "2178"]
[PlyCount "68"]

1. b3 e5 2. Bb2 d6 3. e3 Nh6 4. Nf3 g5 5. h3 Bg7 6. Be2 O-O 7. d4 e4 8. Nfd2 d5
9. Nc3 c6 10. Nf1 f5 11. Qd2 b5 12. O-O-O Nd7 13. a4 a6 14. f3 Rf7 15. Nh2 Bf8
16. g4 f4 17. fxe4 b4 18. Na2 Nf6 19. exd5 Ne4 20. Qe1 cxd5 21. exf4 Rxf4 22.
Bf3 Qe7 23. Kb1 a5 24. Bc1 Rf7 25. Qe3 Rg7 26. Bxe4 dxe4 27. Nf1 Bb7 28. Ng3
Bd5 29. Rhf1 Rg6 30. Nf5 Qe6 31. Qg3 Nf7 32. h4 h6 33. Rf2 gxh4 34. Qxh4 Bxb3
0-1

[Event "Elit(Manhem-Malmo)"]
[Site "?"]
[Date "2017.03.04"]
[Round "6"]
[White "Berggren Torell, Harald"]
[Black "Silwer, Martin"]
[Result "1-0"]
[WhiteElo "2132"]
[BlackElo "1959"]
[PlyCount "75"]

1. e4 e6 2. d4 d5 3. Nc3 dxe4 4. Nxe4 Bd7 5. Nf3 Bc6 6. Bd3 Nd7 7. c3 h6 8. Bf4
Ngf6 9. Nxf6+ Nxf6 10. Ne5 Bxg2 11. Rg1 Be4 12. Bxe4 Nxe4 13. Qf3 Nd6 14. c4 c6
15. O-O-O Qf6 16. c5 Nb5 17. Qe4 g5 18. Bg3 Qf5 19. Qxf5 exf5 20. Rge1 Be7 21.
a4 f4 22. axb5 cxb5 23. Re2 Kf8 24. Nd7+ Ke8 25. Bxf4 Kxd7 26. Be5 f6 27. Bg3
Rhe8 28. Rc2 Rac8 29. b4 h5 30. f4 h4 31. Bf2 Red8 32. d5 a6 33. Bd4 f5 34. d6
Bf8 35. fxg5 b6 36. Bf6 Re8 37. c6+ Rxc6 38. Rxc6 1-0